[Event "EU-ch 9th"]
[Site "Plovdiv"]
[Date "2008.04.25"]
[Round "5"]
[White "Berg, Emanuel"]
[Black "Shanava, Konstantine"]
[Result "1-0"]
[WhiteElo "2601"]
[BlackElo "2519"]
[Annotator "Berg,E"]
[PlyCount "57"]
[EventDate "2008.04.21"]
[EventType "swiss"]
[EventRounds "11"]
[EventCountry "BUL"]
[SourceTitle "CBM 124"]
[Source "ChessBase"]
[SourceDate "2008.05.28"]
[SourceVersion "1"]
[SourceVersionDate "2008.05.28"]
[SourceQuality "1"]

1. e4 c5 2. Nf3 d6 3. d4 cxd4 4. Nxd4 Nf6 5. Nc3 g6 6. Be3 Bg7 7. f3 a6 {
After this move we enter the Dragadorf Variation, a Sicilian mix between the
Dragon and the Najdorf. This move was played by Alekhine already in 1945 but
it has a bad reputation and is known to be good for White. Of course playing
the Dragon a tempo down would be a decisive mistake, but with this setup Black
is searching for new ideas and often waits with the short castling so as not
to come under immediate attack. In recent times the variation has been taken
up on the reportoire by several strong GM:s and some even play it regularly. I
believe the variation is not at all that bad and even if it should be, it's a
lot of work to crack the nut.} 8. Qd2 (8. Bc4 {usually leads to the same by
transposition after} b5 9. Bb3 Bb7 10. Qd2 Nbd7) 8... Nbd7 9. g4 ({The usual
move order is} 9. O-O-O b5 {and now} 10. g4) 9... b5 {This move allows White
some tactics, but the outcome is not unfavourable for Black.} 10. O-O-O ({
Here White has the interesting option} 10. Nc6 $5 {with the idea} Qc7 11. Nxe7
$1 {This has already been played in a few games and Black seems to be doing
fine after} Kxe7 ({Also interesting is} 11... Bb7 $5 {in order to get quick
development.} 12. Ned5 ({After} 12. g5 {Black can either enter Kotronias
Gelashvili playing 12...Kxe7 or go for} b4 13. Ncd5 Nxd5 14. Nxd5 Bxd5 15. Qxd5
O-O {0-1 Al Sayed,M-Cheparinov,I/Andorra 2004/CBM 101 ext (55). Black has
plenty of counterplay for the sacrificed pawn.}) 12... Bxd5 13. exd5 b4 14. Nd1
O-O 15. g5 Ne5 $1 16. Be2 Nh5 17. Qxb4 Qxc2 18. Qd2 Qf5 19. O-O Rac8 $36 {
0-1 Kutuzovic,B-Georgiev,K/Sibenik 2006/CBM 114 ext (42). with a strong
initiative for Black.}) 12. g5 Bb7 13. gxf6+ Bxf6 14. O-O-O Rac8 $6 {This
loses time for Black. Stronger was} (14... Bxc3 15. bxc3 f6 {with a solid
position for Black.}) 15. Bh3 Rcd8 16. Rhe1 Bxc3 17. bxc3 Ne5 18. Bd4 $1 Nxf3
19. Qf4 Nxd4 20. e5 {1-0 Kotronias,V-Gelashvili,T/Thessaloniki 2007/CBM 120
ext (46). with a crushing attack for White.}) ({Another interesting option is} 
10. g5 Nh5 11. a4 {making use of not having castled long yet.} bxa4 (11... b4
12. Nd5 {wins the ...b4 pawn with a clear advantage to White.}) 12. Rxa4 {
White has manage to get a target in the weak pawn on a6, but he might also
regret that he has pushed the g-pawn too far and the white King does not have
a good shelter anymore.}) 10... Bb7 11. g5 {White forces the black Knight to
the edge with the idea of putting a knight on g3 later on to open up the
h-file.} ({After the usual} 11. h4 h5 12. g5 Nh7 {Black is a bit passive, but
as the h- and g-files are blocked his king will be quite safe after castling
short.}) 11... Nh5 12. Nce2 {The knight is heading for g3, but now White loses
control in the centre.} Nb6 $6 {This move has the right idea but is a bit too
slow. Better would be the immediate} (12... d5 $1 {to counter in the centre
before White gets time to open the h-file. There might follow} 13. exd5 Nb6 14.
Ng3 Nxg3 15. hxg3 Qxd5 {entering the game Shirov-Williams by transposition
with a good game for Black.}) 13. Ng3 Nxg3 14. hxg3 d5 15. Qf2 $1 {Much
stronger than} (15. exd5 $2 {was played by Shirov, but Black had a good game
after} Qxd5 16. b3 Qe5 17. f4 Qd6 18. Bg2 Nd5 19. Bxd5 Bxd5 20. Rhe1 Qa3+ 21.
Kb1 O-O {1-0 Shirov,A-Williams,S/West Bromwich 2004/EXT 2006 (54).}) 15... Nc4
$2 $146 {After this Black is already in serious trouble. Better was} (15... Na4
{which my opponent had tried once before. Allthough he lost that game it's not
at all a bad move.} 16. Bh3 (16. c3 $5 {is an interesting option blocking the
diagonal for Black's bishop on g7 so that the white knight will be able to
move from d4.}) 16... e5 $2 {Black gets a powerful pawn centre, but his Bishop
on g7 will be dead and the central pawns might soon come under attack.} ({
Much better was} 16... dxe4 $1 {grabbing a pawn and it's not at all clear how
White should continue Maybe the best would be} 17. b3 {but after} Nc3 18. Ne6
Nxa2+ 19. Kb1 Nc3+ 20. Kc1 {Black has at least a draw and can perhaps even try
for more.} Qa5 $5 21. Nxg7+ Kf8) 17. Nb3 d4 18. Kb1 b4 $4 {After this serious
mistake Black is already lost.} ({Better was} 18... Qe7 19. Bd2 $16 {but White
still has a clear advantage.}) 19. Nxd4 $1 exd4 20. Bxd4 Bxd4 21. Rxd4 Qa5 22.
Bd7+ Ke7 23. Qe3 {1-0 Sadatnajafi,M-Shanava,K/Urmia IRI 2008/The Week in Chess
693 (29) with the decisive threat Qf4.}) 16. Bxc4 bxc4 17. Ne2 {White opens
the d-file, but most important, he is now ready to challenge the Dragon on g7
by Bd4.} Qa5 {Threatening both on a2 and e4, but White has got a strong
counterstrike.} 18. Bd4 $1 {After this move the Black position quickly
collapses.} {This loses by force.} e5 $2 ({The best try would be} 18... Bxd4 {
but after} 19. Qxd4 O-O-O 20. e5 {the Black position looks terrible and is
positionally a lost case.White has a good knight against a bad bishop and open
h-file with pressure on h7, while Black doesn't have any counterplay at all.})
19. Bb6 $1 Qxa2 {This is the quick way, but Black wouldn't last for too long
after} (19... Qb4 20. exd5 {either and the passed d-pawn will soon decide the
game.}) 20. Nc3 Qa1+ 21. Kd2 Qxb2 22. Rb1 Qa3 23. Bc5 Qa5 24. Rxb7 d4 (24...
O-O-O {loses to} 25. Bb6 dxe4+ 26. Ke2 Qxc3 (26... exf3+ 27. Qxf3 e4 28. Qxe4
Rhe8 29. Rc7+ Kb8 30. Bxa5 Bxc3 31. Rb1+ Bb2 32. Rxb2#) 27. Qc5+ Kxb7 28. Qc7+
Ka8 29. Qa7#) 25. Bb4 dxc3+ 26. Kxc3 (26. Ke2 O-O-O 27. Qa7 $1 $18 (27. Bxa5
Rd2+ 28. Ke1 Rxf2 29. Rc7+ Kb8 30. Kxf2 $18)) 26... Qd8 27. Re7+ Qxe7 28. Bxe7
Kxe7 29. Qc5+ {Black resigned.} (29. Qc5+ Ke8 30. Qc6+ Ke7 31. Qb7+ Ke6 32. Rb1
Rhd8 33. Rb6+ Rd6 34. Qd5+ Kd7 35. Qxd6+ Ke8 36. Qc6+ Ke7 37. Qb7+ Kd8 38.
Qxa8+ Kc7 39. Qa7+ Kc8 40. Rb8#) 1-0

[Event "EU-ch U16 19th"]
[Site "Fermo"]
[Date "2009.09.07"]
[Round "7"]
[White "Popilski, Gil"]
[Black "Javakhadze, Zurab"]
[Result "1-0"]
[WhiteElo "2392"]
[BlackElo "2309"]
[Annotator "CB"]
[PlyCount "59"]
[EventDate "2009.08.31"]
[EventType "swiss"]
[EventRounds "9"]
[EventCountry "ITA"]
[SourceTitle "CBM 132 Extra"]
[Source "ChessBase"]
[SourceDate "2009.11.03"]
[SourceVersion "1"]
[SourceVersionDate "2009.11.03"]
[SourceQuality "1"]

1. e4 c5 2. Nf3 d6 3. d4 cxd4 4. Nxd4 Nf6 5. Nc3 g6 6. Be3 Bg7 7. f3 a6 8. Qd2
Nbd7 9. g4 b5 10. Nc6 {White takes a game out of the main line 10.0-0-0} Qc7
11. Nxe7 $5 {after} Bb7 (11... Kxe7 12. g5 {White wins a piece back, and
Black's king will be stuck in the center for a while.}) 12. Ned5 Nxd5 13. exd5
{a bit risky.White gets slighly better game after} (13. Nxd5 Bxd5 14. Qxd5 $14)
13... b4 14. Ne4 O-O 15. O-O-O Rfc8 16. Qf2 Qa5 17. Bd4 Qxa2 $2 {In this sharp
position Black had to keep tension} (17... Ne5 $1 {with unclear game}) 18. Bxg7
Kxg7 19. Qd4+ Kg8 {Despite the fact White's king seems to be in danger, strong
centralized pieces paralyze Black's attack} 20. Nxd6 Rc7 21. Bc4 $1 b3 22. Kd2
$1 {Now its becoming clear White soon will start the decisive countreattack.}
Qa4 23. c3 Nc5 24. Nxf7 $1 {Winning shot} Rxf7 25. d6 {passed pawn should be
pushed!} Qc6 26. Bxf7+ Kxf7 27. Rhe1 {White's advantage now decisive} Qd5 28.
Qxd5+ Bxd5 29. Re5 Bxf3 30. Rf1 1-0

[Event "ESP-chTa"]
[Site "Spain"]
[Date "1995.??.??"]
[Round "9"]
[White "De la Riva Aguado, Oscar"]
[Black "Gamundi Salamanca, Antonio"]
[Result "1/2-1/2"]
[WhiteElo "2430"]
[BlackElo "2400"]
[Annotator "ChessBase"]
[PlyCount "33"]
[EventDate "1995.??.??"]
[EventType "team"]
[EventRounds "9"]
[EventCountry "ESP"]
[SourceTitle "EXT 2000"]
[Source "ChessBase"]
[SourceDate "1999.11.16"]
[SourceVersion "1"]
[SourceVersionDate "1999.11.16"]
[SourceQuality "1"]

1. e4 c5 2. Nf3 d6 3. d4 cxd4 4. Nxd4 Nf6 5. Nc3 a6 6. Be3 Nc6 7. f3 g6 8. Qd2
Bg7 9. O-O-O Bd7 10. g4 Bxg4 11. fxg4 Nxg4 12. Nb3 Nxe3 13. Qxe3 Ne5 14. Kb1
Rc8 15. Rg1 $6 (15. a4 $5 O-O 16. a5 Nc4 (16... Nc6 17. Nd5) 17. Bxc4 Rxc4 18.
Nd5) 15... e6 16. Rg2 O-O 17. Rgd2 1/2-1/2

[Event "EU-ch 4th"]
[Site "Istanbul"]
[Date "2003.06.06"]
[Round "7"]
[White "Volkmann, Friedrich Karl"]
[Black "Fridman, Daniel"]
[Result "0-1"]
[WhiteElo "2435"]
[BlackElo "2621"]
[Annotator "Hecht,H"]
[PlyCount "102"]
[EventDate "2003.05.30"]
[EventType "swiss"]
[EventRounds "13"]
[EventCountry "TUR"]
[SourceTitle "CBM 096"]
[Source "ChessBase"]
[SourceDate "2003.09.25"]
[SourceVersion "1"]
[SourceVersionDate "2003.09.25"]
[SourceQuality "1"]

1. e4 c5 2. Nf3 d6 3. d4 cxd4 4. Nxd4 Nf6 5. Nc3 g6 6. Be3 Bg7 7. f3 a6 8. Qd2
Nbd7 9. O-O-O h5 10. Bc4 b5 11. Bd5 Nxd5 12. exd5 Bb7 13. Bg5 Nf6 14. Nc6 Bxc6
15. dxc6 Rc8 16. Bxf6 Bxf6 17. Nd5 Rxc6 18. Nxf6+ exf6 19. Rhe1+ Kf8 20. Re4 h4
21. h3 Rh5 22. Rd4 Kg7 23. Rxd6 Rxd6 24. Qxd6 Qe8 {[#] Taktik} 25. b3 Rg5 26.
Rd2 Qe1+ 27. Kb2 b4 28. f4 Rg3 29. a3 $2 (29. Qd4 $142 a5 30. a3 bxa3+ 31. Kxa3
{[%csl Ga1][%cal Gd4a1]}) (29. Qxb4 Rxg2 30. Rd4 Qxb4 31. Rxb4 Rg3 $17) 29...
bxa3+ 30. Kxa3 Qa1+ 31. Kb4 Re3 $1 {Jetzt erobert Schwarz mit dem taktischen
Mittel der Fesselung Bauernmaterial.} 32. Qd4 Qe1 {[%cal Re3e4,Re1b4]
Fesselung 1} 33. Ka3 $6 (33. Kc5 $142 $5 {wenn auch gewagt}) 33... Re4 {
[%csl Ra1,Rd2][%cal Re4a4,Re1a1,Re1d2]} 34. Qc3 $8 Re2 {Fesselung 2} 35. Rd3 $8
Qc1+ 36. Qb2 Qxf4 $19 {[%csl Rc2,Rg2]} 37. Rd4 Qf2 38. Rc4 Qxg2 39. Qc3 Qf2 40.
Rc8 Qf5 41. Rc5 Qf4 42. Rc8 Re5 43. Rc4 Qc1+ 44. Ka4 Re3 45. Qd4 Rxh3 46. Rc6
Qf1 47. c4 Rf3 48. Rxa6 h3 49. Ra7 h2 50. Qd7 Qa1+ 51. Kb4 Qxa7 $1 0-1

[Event "POL-chT 66th"]
[Site "Katowice"]
[Date "2010.09.10"]
[Round "7"]
[White "Dobrowolski, Piotr"]
[Black "Moranda, Wojciech"]
[Result "0-1"]
[WhiteElo "2399"]
[BlackElo "2572"]
[Annotator "RR"]
[PlyCount "106"]
[EventDate "2010.09.04"]
[EventType "team-tourn"]
[EventRounds "9"]
[EventCountry "POL"]
[SourceTitle "EXT 2016"]
[Source "ChessBase"]
[SourceDate "2015.10.08"]
[SourceVersion "1"]
[SourceVersionDate "2015.10.08"]
[SourceQuality "1"]
[WhiteTeam "Wroclaw AZS WSB"]
[BlackTeam "Dankowice"]
[WhiteTeamCountry "POL"]
[BlackTeamCountry "POL"]

1. e4 c5 2. Nf3 d6 3. d4 cxd4 4. Nxd4 Nf6 5. Nc3 g6 6. Be3 Bg7 7. f3 a6 (7...
O-O 8. Qd2 Nc6 9. Bc4 (9. O-O-O)) 8. Qd2 (8. Be2 Nc6 9. Qd2 O-O 10. O-O-O) 8...
Nbd7 9. Bh6 (9. O-O-O b5 10. Kb1 Bb7 11. g4 Rc8 12. h4 Ne5 13. h5 Nxf3 14. Nxf3
Nxe4 15. Nxe4 Bxe4 16. Be2 Rxc2 17. Qxc2 Bxc2+ 18. Kxc2 Qc8+ 19. Kb1 Qxg4 20.
Rh4 Qf5+ 21. Ka1 Qc2 22. Nd4 Bxd4 23. Bxd4 Qxe2 24. Rc1 O-O 25. hxg6 fxg6 {
0-1 (25) Lagno,K (2543)-Hou,Y (2629) Beijing 2013}) 9... Bxh6 $1 (9... O-O $2
10. h4 $40 Qa5 11. h5 Nxh5 12. Bxg7 Kxg7 (12... Nxg7 13. Qh6 Nh5 14. g4) 13. g4
Nhf6 14. Qh6+ Kg8 15. g5 Nh5 16. Rxh5 $1) 10. Qxh6 b5 11. O-O-O $32 {[%csl Re8]
} Bb7 12. Kb1 (12. g4 Rc8 13. Kb1 Rxc3 $1 (13... Qa5 14. g5 Nh5 (14... Rxc3 15.
gxf6) 15. Nd5 e6 $13)) 12... Rc8 $1 {[%cal Gc8c3]} 13. Nd5 $6 $146 {Le repli
Qd2 parait plus sain car il n'est pas facile d'ouvrir le jeu pour les Blancs
et le gambit du P sera difficile à justifier} (13. Qd2 $142 b4 14. Nce2 Qb6
15. h4 h5 16. Nc1 d5 17. exd5 Nxd5 18. Re1 e5 19. Ndb3 a5 20. Nd3 O-O 21. Qf2
Qc7 22. g4 a4 23. Nbc1 a3 24. gxh5 axb2 25. Nb3 e4 26. fxe4 Nc3+ 27. Kxb2 Nxe4
28. Qh2 Qc3+ 29. Kb1 Bd5 30. Rd1 Qf6 31. Bh3 Bxb3 32. axb3 Ra8 33. Nb2 Nc3+ 34.
Kc1 Ra1+ 35. Kd2 Nxd1 36. Rxd1 Qxb2 37. Rxa1 Qd4+ {0-1 (37) Inarkiev,E (2577)
-Khalifman,A (2653) Khanty-Mansiysk 2005}) (13. Be2 Rxc3 $1) 13... Nxd5 14.
exd5 Nf6 $132 15. Nxb5 Qb6 (15... axb5 16. Bxb5+ Nd7 17. Rhe1 $44) 16. Na3 (16.
Nd4 Nxd5 17. Qg7 (17. Nb3 a5 {[%cal Ga5a4]}) 17... Nc3+) 16... Bxd5 17. c4 Be6
18. Bd3 Rc5 19. g4 Kd7 $1 $15 {[%csl Rb2,Gd7][%cal Gh8b8] La partie a basculé}
20. Qd2 Rb8 21. Rhe1 Ke8 22. Ka1 Nd7 23. Rc1 Qa5 24. Rc3 Ne5 25. Be2 Qb4 26.
Qc1 Qa5 27. Qd2 Qc7 28. h3 g5 29. Rec1 Ng6 30. Nc2 Nf4 31. Nd4 h6 32. h4 Bd7
33. hxg5 hxg5 34. Rh1 e6 35. Re3 Re5 36. Nb3 Ke7 37. Rxe5 dxe5 38. c5 Ba4 39.
Bc4 Bxb3 40. Bxb3 Qxc5 41. Rc1 Qd6 42. Qh2 Ng6 43. Rd1 Qb4 44. Qc2 Kf6 45. Rd3
Nf4 46. Rc3 Rh8 47. a3 Qd4 48. Ka2 Rh1 49. Bc4 a5 50. Qa4 Ne2 51. Rc2 Nc1+ 52.
Kb1 Qd1 53. Qe8 Ne2+ 0-1

[Event "Olympiad-36"]
[Site "Mallorca"]
[Date "2004.10.22"]
[Round "7"]
[White "Nguyen, Anh Dung"]
[Black "Espinosa Flores, Rafael Emilio"]
[Result "0-1"]
[WhiteElo "2567"]
[BlackElo "2412"]
[Annotator "Ramirez Alvarez,A"]
[PlyCount "54"]
[EventDate "2004.10.15"]
[EventType "team-swiss"]
[EventRounds "14"]
[EventCountry "ESP"]
[SourceTitle "CBM 104"]
[Source "ChessBase"]
[SourceDate "2005.01.27"]
[SourceVersion "1"]
[SourceVersionDate "2005.01.27"]
[SourceQuality "1"]
[WhiteTeam "Vietnam"]
[BlackTeam "Mexico"]
[WhiteTeamCountry "VIE"]
[BlackTeamCountry "MEX"]

1. e4 c5 2. Nf3 d6 3. d4 cxd4 4. Nxd4 Nf6 5. Nc3 g6 6. Be3 Bg7 7. f3 Nc6 8. Qd2
Bd7 {This move is considered to be very inexact, since white can now go for
the lines of 9. 0-0-0 without being afraid of a d5 break or a Be6 plan. But
black has something else in mind.} 9. O-O-O h5 $5 {I don't put a double
question mark on this move simply because white hasn't been able to prove a
forced win yet. The Shabalov Dragon (? well, he did use it a couple of times
against Zhang Pengxiang and Khalifman) was never really popular, but has a
nice surprise factor to it.} 10. Kb1 (10. Bc4 {Is always an interesting try,
h5 isn't always good for black in the modern dragon, specially since the Azeri
variation has gained strength over the past few years.}) 10... a6 {Any good
attacker would tell you this is too slow. White should creat some threats
right about now to prove that.} 11. Be2 (11. h3 {With the simple g4 idea...} b5
{Ok, can't play it yet, so lets remove defenders.} 12. Nd5 $1 $16 {Removing
the N from the pawn avalanche, and becoming a thorn in blacks position. It is
very undesirable to exchange it, since it will leave white with pressure on
the e file and a clinch on the c6 square. It turns out that a6-b5 didn't
really do anything at all.} (12. g4 $2 hxg4 13. fxg4 Nxg4 {Is not really
playable, since white opened the wrong files.}) 12... Nxd5 13. exd5) 11... b5
12. Nxc6 Bxc6 13. Nd5 $1 {This position also seems to favour white very much.
Black's attempts to open a front on the Q-side seem to slow.} Bxd5 14. exd5 Qd7
15. g3 $6 {From here on white loses the thread of the game. Much better was:} (
15. Bd4 $1 {[%cal Gg2g4]} Qf5 {Attempting to create counterplay against the d5
pawn, this is probably blacks only real chance.} 16. Bd3 $3 {Sacrificing the
d5 pawn, in order to gain tempos and open lines.} Qxd5 17. Qa5 $1 {The point,
this isn't really very hard to see. White threatens to take g6, and then f6,
and black is resourceless, since moving the queen away results in inmediate
disaster.} Qb7 (17... Qg5 18. h4 $18 {[%csl Gb5,Rg5][%cal Rd3b5]}) (17... O-O
18. Be4 $18) 18. Bxf6 Bxf6 19. Be4 $18) 15... O-O 16. h4 $6 {White is trying
standard dragon play, but this isn't a standard dragon.} Rfe8 $1 {If black
forsaw that white was going to play Bg5-xf6, he is either a genius or a
psychic. Probably he was playing against Bh6, when Rfc8 seemed more logical.
Yet this move turns out to be quite good, because in any turn of events, the
e7 pawn is protected anyways, and black's a8 rook is hardly doing anything
there, and belongs on the c file.} 17. Bg5 Rac8 18. Bxf6 $6 {More thread
losing... White's light squared bishop is useless in any assault. Black might
already be better.} (18. g4 {Was still better for white!} hxg4 19. fxg4 {
with the following continuations:} Ne4 (19... Nxg4 $2 20. Rdf1 Ne5 21. h5 $18 {
White's attack is way too fast.}) 20. Qe3 Nxg5 21. Qxg5 $1 {It is very
important how white opens the h file. Doubling his pawns will bring him
nothing, he also has to try to rip the g file open, or at least the b1-h7
diagonal, so that his bishop can participate.} e6 $1 {Typical dragon resource,
to bring the queen via the dark squares.} 22. h5 Qe7 23. Qxe7 Rxe7 24. hxg6
fxg6 25. dxe6 Rxe6 $14 {When the position is drawish, but clearly only white
is playing for a win.}) 18... exf6 19. Rhg1 f5 $1 {g4 is controlled, and the
dragon bishop is unopposed.} 20. Rde1 {Senseless, but white needed good advice.
} (20. g4 Qe7 {[%csl Re2]} 21. Rde1 hxg4 22. fxg4 Qxh4 {Simply grabbing a pawn
and running away with the loot. I don't see any compensation here.}) 20... Re5
21. f4 $4 {Strategical horror: It gives the e4 square, prevents g4 forever,
and leaves a battle between the g7 bishop and the e2 bishop. Clearly there is
a winner.} (21. g4 {Had to be tried, even though after.} fxg4 22. fxg4 Rce8 {
Black's pressure is annoying, perhaps white has to go and sacrifice something.}
23. gxh5 Qe7 24. hxg6 (24. Rg2 {Normal play is also nearly hopeless.} Rxh5 {
And the h4 pawn is doomed.}) 24... Rxe2 25. gxf7+ Kxf7 $19 {But it shouldn't
be enough.}) 21... Re4 {Now black's rooks swing into the Q-side to decide the
game.} 22. Bf3 Rd4 $1 23. Qa5 Ra4 $1 24. Qd2 Qc7 {Now Rd4 is a very big threat,
since white's queen wont have a good retreat square that covers b4.} 25. c3 {
Almost suicide, but what else?} (25. Re3 {Isn't possible because of} Bd4 $19) (
25. Rg2 Rd4 26. Qe3 Rb4 27. c3 {Is probably the best solution, returnin some
material to try for a draw, yet after} Qxc3 28. Qxc3 Rxc3 {-/+/-+ Black has
every chance to win this position.}) 25... b4 26. cxb4 {[#]} Qc4 {white is
mated in a few moves.} 27. a3 Rxa3 0-1